01383nam a2200289Ia 4500001001200000003000800012006001900020007001500039008004100054040002100095035002100116050002500137082001900162245028600181260005300467300001000520500002700530504004100557533015200598650002600750650001400776655002900790710006700819710006400886710001700950856012600967ebr10072133CaPaEBRm u cr cn|||||||||050324s1999 dcu sb 000 0 eng d aCaPaEBRcCaPaEBR a(OCoLC)56053507414aQR182.5b.I58 1999eb04a616.07907222200aInternational benchmarking of US immunology researchh[electronic resource] /cPanel on International Benchmarking of US Immunology Research, Committee on Science, Engineering, and Public Policy, National Academy of Sciences, National Academy of Engineering, Institute of Medicine. aWashington, DC :bNational Academy Press,c1999. a60 p. a"Prepublication copy." aIncludes bibliographical references. aElectronic reproduction.bPalo Alto, Calif. :cebrary,d2009.nAvailable via World Wide Web.nAccess may be limited to ebrary affiliated libraries. 0aImmunologyxResearch. 0aImmunity. 7aElectronic books.2local2 aPanel on International Benchmarking of US Immunology Research.2 aCommittee on Science, Engineering, and Public Policy (U.S.)2 aebrary, Inc.40uhttp://site.ebrary.com/lib/rucke/Doc?id=10072133zAn electronic book accessible through the World Wide Web; click to view